To Amend Title 18, U.S. Code, To Make It Illegal To Operate a Motor Vehicle with a Drug or Alcohol in the Body of the Driver at a Land Border Port of Entry.

Bibliographic Details
Corporate Authors: United States. Congress. House. Committee on the Judiciary, ProQuest (Firm)
Format: Government Document eBook
Language:English
Published: Washington : [publisher not identified], 2002.
Series:United States congressional serial set.
Subjects:
Online Access:Connect to the full text of this electronic book

MARC

Tag First Indicator Second Indicator Subfields
LEADER 00000cam a22000001a 4500
001 in00002829796
005 20190331175557.0
006 m o d
007 cr bn mmmapmmp
008 110609s2002 dcud o f000 0 eng d
035 |a cis2004639362 
040 |a ProQuest  |c ProQuest  |d UtOrBLW 
043 |a n-us--- 
086 0 |a Y 1.1/8:107-754 
099 |a ProQuest Serial Set Number 14795 H.rp.754 
110 1 |a United States.  |b Congress.  |b House.  |b Committee on the Judiciary. 
245 1 0 |a To Amend Title 18, U.S. Code, To Make It Illegal To Operate a Motor Vehicle with a Drug or Alcohol in the Body of the Driver at a Land Border Port of Entry. 
264 1 |a Washington :  |b [publisher not identified],  |c 2002. 
300 |a 1 online resource. 
336 |a text  |b txt  |2 rdacontent 
337 |a computer  |b c  |2 rdamedia 
338 |a online resource  |b cr  |2 rdacarrier 
490 0 |a H. Rpt. 107-754 
500 |a Record is based on bibliographic data in ProQuest U.S. Serial Set Digital Collection (last viewed June 2011). Reuse except for individual research requires license from ProQuest, LLC. 
510 3 |a ProQuest U.S. Serial Set Digital Collection 
500 |a Electronic resource. 
610 1 0 |a United States.  |b Department of Justice. 
650 0 |a Administrative law. 
650 0 |a Medical screening. 
655 7 |a Electronic books.  |2 local 
650 0 |a Periodic health examinations. 
650 0 |a Self-examination, Medical. 
710 2 |a ProQuest (Firm) 
830 0 |a United States congressional serial set. 
856 4 0 |u http://proxy.library.tamu.edu/login?url=http://congressional.proquest.com/congcomp/getdoc?SERIAL-SET-ID=14795+H.rp.754  |z Connect to the full text of this electronic book  |t 0 
999 |a MARS 
999 f f |s fff99f54-e466-3086-8836-2feeaa023b43  |i 2342b250-59e1-3f6a-94c3-7a750b9fb120  |t 0 
952 f f |a Texas A&M University  |b College Station  |c Electronic Resources  |d Available Online  |t 0  |e ProQuest Serial Set Number 14795 H.rp.754  |h Other scheme 
998 f f |a ProQuest Serial Set Number 14795 H.rp.754  |t 0  |l Available Online